Statistics for 5 Most Populous Countries of 1 Time Period in A Century

Click here to take the quiz!

General Stats

  • This quiz has been taken 76 times
  • The average score is 19 of 20

Answer Stats

YearPopulation (Estimated)Answer% Correct
1810350mChina
100%
1920467mChina
100%
2100732mChina
100%
20101.354bilChina
100%
2010309mUSA
100%
192031mUSA
100%
2100336mUSA
100%
1920266mIndia
99%
1810171mIndia
99%
20101.219bilIndia
99%
21001.09bIndia
99%
2100791mNigeria
96%
181030.29mFrance
95%
2010244mIndonesia
95%
192030.74mRussia
95%
181031mRussia
95%
2100248mPakistan
93%
2010192mBrazil
92%
192030.58mGermany
90%
181030.64mJapan
84%

Score Distribution

Percentile by Number Answered

Percent of People with Each Score

Your Score History

You have not taken this quiz